<?xml version="1.0" encoding="utf-8"?>
<?xml-stylesheet type='text/xsl' href='./oai2.xsl'?>
<OAI-PMH xmlns="http://www.openarchives.org/OAI/2.0/" xmlns:xsi="http://www.w3.org/2001/XMLSchema-instance" xsi:schemaLocation="http://www.openarchives.org/OAI/2.0/ http://www.openarchives.org/OAI/2.0/OAI-PMH.xsd">
  <responseDate>2026-04-29T06:52:02Z</responseDate>
  <request verb="GetRecord" metadataPrefix="marcxml" identifier="record_kuniweb_26581">https://kulturerbe.niedersachsen.de/oai</request>
  <GetRecord>
    <record>
      <header>
        <identifier>record_kuniweb_26581</identifier>
        <datestamp>2025-08-28T09:38:22Z</datestamp>
        <setSpec>slg0183</setSpec>
      </header>
      <metadata>
        <marc:record xmlns:marc="http://www.loc.gov/MARC21/slim" xsi:schemaLocation="http://www.loc.gov/MARC21/slim http://www.loc.gov/standards/marcxml/schema/MARC21slim.xsd">
          <marc:leader>12345nkm  22     uu 4500</marc:leader>
          <marc:controlfield tag="001">26581</marc:controlfield>
          <marc:controlfield tag="003">http://kuniweb.gbv.de</marc:controlfield>
          <marc:controlfield tag="005">2023-08-22T13:24:23</marc:controlfield>
          <marc:controlfield tag="008">|           ||||||||||||||||||||||</marc:controlfield>
          <marc:datafield tag="245" ind1="1" ind2="0">
            <marc:subfield code="a">Bildnis Hauptmann Gottlieb Behre (1791 - 1862)</marc:subfield>
          </marc:datafield>
          <marc:datafield tag="720" ind1=" " ind2=" ">
            <marc:subfield code="a">Johann Hilarius Krevel</marc:subfield>
          </marc:datafield>
          <marc:datafield tag="655" ind1=" " ind2="7">
            <marc:subfield code="a">Malerei</marc:subfield>
          </marc:datafield>
          <marc:datafield tag="046" ind1=" " ind2=" ">
            <marc:subfield code="k">1815</marc:subfield>
            <marc:subfield code="k">1815 (Signatur)</marc:subfield>
          </marc:datafield>
          <marc:datafield tag="260" ind1=" " ind2=" ">
            <marc:subfield code="g">1815</marc:subfield>
            <marc:subfield code="g">1815 (Signatur)</marc:subfield>
          </marc:datafield>
          <marc:datafield tag="300" ind1=" " ind2=" ">
            <marc:subfield code="a">Höhe: 5,6 cm (Rahmen, ohne Öse)
Breite: 4,4 cm (Rahmen)
Tiefe: 0,5 cm (Rahmen)</marc:subfield>
          </marc:datafield>
          <marc:datafield tag="520" ind1=" " ind2=" ">
            <marc:subfield code="a">Hochovales Brustbild des Hannoverschen Hauptmanns Gottlieb Behre unter Glas im vergoldeten Messingrahmen mit Hängeöse:
Der Körper ist nach rechts, das Gesicht nach vorn gewandt.
Der Dargestellte trägt eine Uniform, bestehend aus einem roten Rock mit blauem Kragen und Aufschlägen sowie goldenen Epauletten und Knöpfen, darunter ein weißes Hemd mit schwarzem Halstuch. Das gelockte rotblonde Kurzhaar ist in die Stirn frisiert, die Koteletten reichen tief hinab, ein schmaler Schnurbart ziert die Oberlippe. Der Hintergrund ist als blauer Himmel mit grau-weißen Wolken gestaltet.
Die ovale Miniatur befindet sich unter Glas in einem Messingrahmen mit Öse. (Städtisches Museum Braunschweig)

Aufschrift:
"I : H : Krevel 1815" (Signatur, rechts am Rand)

Aufkleber/Etikett:
"Hannoverscher // Hauptmann // Gottlieb Behre // geb. 1791. gest. 1862 // bestimmt fürs // Städt. Museum" (in Schwarz auf oval zugeschnittenem Papier, auf die rückseitige Glasscheibe geklebt)

Verwendungszweck:
Kunst

Maßstab: 1 zu 1

Literatur in Zusammenhang:
U. Thieme, „Allgemeines Lexikon der bildenden Künstler von der Antike bis zur Gegenwart. Künstlerlexikon“. Engelmann, Leipzig, 1907.

Literatur in Zusammenhang:
H. -R. Jarck, „Braunschweigisches biographisches Lexikon : 19. und 20. Jahrhundert“. Hahn, Hannover, 1996.</marc:subfield>
          </marc:datafield>
          <marc:datafield tag="500" ind1=" " ind2=" ">
            <marc:subfield code="a">Nachlass/Erbschaft/Vermächtnis

August 1936</marc:subfield>
          </marc:datafield>
          <marc:datafield tag="650" ind1="1" ind2=" ">
            <marc:subfield code="a">Kunstwerk</marc:subfield>
          </marc:datafield>
          <marc:datafield tag="650" ind1="1" ind2=" ">
            <marc:subfield code="a">Malerei &gt; Miniatur</marc:subfield>
          </marc:datafield>
          <marc:datafield tag="650" ind1="1" ind2=" ">
            <marc:subfield code="a">Malerei</marc:subfield>
          </marc:datafield>
          <marc:datafield tag="773" ind1="0" ind2=" ">
            <marc:subfield code="t">Sammlung Malerei</marc:subfield>
          </marc:datafield>
          <marc:datafield tag="852" ind1=" " ind2=" ">
            <marc:subfield code="a">Städtisches Museum Braunschweig</marc:subfield>
          </marc:datafield>
          <marc:datafield tag="852" ind1=" " ind2=" ">
            <marc:subfield code="a">Deutschland</marc:subfield>
          </marc:datafield>
          <marc:datafield tag="" ind1=" " ind2=" ">
            <marc:subfield code="a">Namensnennung - Nicht kommerziell - Keine Bearbeitungen 4.0 International (CC BY-NC-ND 4.0)</marc:subfield>
          </marc:datafield>
        </marc:record>
      </metadata>
    </record>
  </GetRecord>
</OAI-PMH>
